00406nam a2200133Ia 4500100001700000942000700017654001000024245003200034260003500066300000800101546001200109999001700121952013400138 aDatta/ S.K.  cBK apower aPower electronics & control bprentice hallaNew Delhic1991 a196 aENGLISH c33563d33563 001040708CRCaCRCEbCRCEd2023-03-17eProgressive Booksg49.00i2063 dt 30.9.92l0o p3899r2023-03-17v49.00w1992-09-30yBK